000 00817nam a2200265 i 4500
003 DO-SdBNP
005 20240829133146.0
007 ta
008 240829s2010 sp 000 f spa d
020 _a9788467195972
040 _aDO-SdBNP
_bspa
_cBNPHU
_erda
082 _bS832
_222
100 _aStephens, Susan
_986463
240 _aRuling sheikh, unruly mistress = Master of the desert /
245 1 0 _aDeseo en el desierto :
_bAmo y señor del desierto /
_cSusan Stephens
264 1 _aMadrid, España :
_bEditora Harlequin ,
_c2010.
300 _a316 páginas
_c17 cm.
336 _2rdacontent
_atexto
_btxt
337 _2rdamedia
_asin mediación
_bn
338 _2rdacarrier
_avolumen
_bnc
490 1 _aBianca especial
_v15
590 _aInventariado, 2024/ YL
910 _aYLockward
942 _2ddc
_cLBS1
999 _c57581
_d57581